Day #17: Countries 1700 km away from Belgium - Statistics

General Stats
  • This quiz has been taken 22 times
  • The average score is 16 of 18
Answer Stats
Answer % Correct
Spain
100%
Italy
94%
Norway
94%
Portugal
94%
Russia
94%
Sweden
94%
Belarus
89%
Bulgaria
89%
Estonia
89%
Finland
89%
Greece
89%
Latvia
89%
North Macedonia
89%
Romania
89%
Ukraine
89%
Albania
83%
Moldova
78%
Algeria
72%
No matching quizzes found
Score Distribution
Percent of People with Each Score
Percentile by Number Answered
Your Score History
You have not taken this quiz